Negrita y los gorriones / (Registro nro. 32800)
[ vista simple ]
| 000 -CABECERA | |
|---|---|
| campo fijo de control de longitud | 00811nam a2200253 4500 |
| 001 - NÚMERO DE CONTROL | |
| campo de control | 32800 |
| 003 - IDENTIFICADOR DEL NÚMERO DE CONTROL | |
| campo de control | AR-RoBPED |
| 005 - FECHA Y HORADE LA ULTIMA TRANSACCION | |
| campo de control | 20260529121011.0 |
| 008 - ELEMENTOS DE LONGITUD FIJA--INFORMACION GENERAL | |
| campo fijo de control de longitud | 260528e2017 ag a|||br|||| 000 1 spa d |
| 020 ## - ISBN | |
| ISBN | 9789502322995 |
| 040 ## - FUENTE CATALOGADORA | |
| Centro catalogador/agencia de origen | AR-RoBPED |
| 041 ## - IDIOMA | |
| Código de idioma para texto/pista de sonido o título independiente | spa |
| 100 ## - ENCABEZAMIENTO PRINCIPAL--AUTOR PERSONAL | |
| Nombre de persona | Navone de Spalding, Susana |
| 9 (RLIN) | 30957 |
| 245 1# - TITULO | |
| Título | Negrita y los gorriones / |
| Mención de responsabilidad | Susana Navone de Spalding; ilustraciones de Delia Contarbio |
| 260 ## - PUBLICACION | |
| Lugar | Buenos Aires: |
| Editor | Eudeba, |
| Fecha | 2017. |
| 300 ## - DESCRIPCION FISICA | |
| Extensión | 24 p. |
| Otros detalles físicos | il. |
| 490 0# - SERIE | |
| Mención de serie | (Los cuentos de Chiribitil ; |
| Designación de volumen o secuencia | 5) |
| 650 #4 - TERMINO DE MATERIA--CONTROLADO | |
| Término controlado | LITERATURA ARGENTINA |
| 9 (RLIN) | 15616 |
| Término controlado | LITERATURA INFANTIL |
| 9 (RLIN) | 168 |
| Término controlado | CUENTOS |
| 9 (RLIN) | 291 |
| 700 1# - ENCABEZAMIENTO SECUNDARIO--AUTOR PERSONAL | |
| Nombre de persona | Contarbio, Delia |
| 9 (RLIN) | 27284 |
| Función | ilust. |
| 942 ## - ELEMENTOS KOHA | |
| Fuente de clasificación | Universal Decimal Classification |
| Número Koha | k. 32800 |
| Koha tipo de ítem | Libro |
| Clasificación | 860(82)-3 |
| Pre signatura | I |
| Signatura librística | N 31 |
| N° inventario | inv. 42474 |
| Estado retirado | Estado perdido | Fuente de clasificación | Estado dañado | No se presta | Biblioteca propietaria | Biblioteca de reserva | Fecha de adquisición | Procedencia | Total de préstamos | Signatura topográfica completa | Código de barras (nº de inventario) | Fecha visto por última vez | Catalogador y fecha | Tipo de ítem Koha | Nota pública |
|---|---|---|---|---|---|---|---|---|---|---|---|---|---|---|---|
| Universal Decimal Classification | Biblioteca Pedagógica Eudoro Díaz | Biblioteca Pedagógica Eudoro Díaz | 26/05/2026 | compra | I 860(82)-3 N 31 | 42474 | 28/05/2026 | mm 28/05/2026 | Libro | Se presta 15 días. |